№ 3 (256); Датчики и системы

Podrobná bibliografie
Parent link:Датчики и системы: ежемесячный научно-технический и производственный журнал. № 3 (256).— , 2003-2017, 2019-.— 1992-7185
Shrnutí:Режим доступа: по договору с организацией-держателем ресурса
Jazyk:ruština
Vydáno: 2021
On-line přístup:https://elibrary.ru/contents.asp?id=47229478
Médium: MixedMaterials Elektronický zdroj Kniha
KOHA link:https://koha.lib.tpu.ru/cgi-bin/koha/opac-detail.pl?biblionumber=586731

MARC

LEADER 00000nam2a2200000 4500
001 586731
005 20231101131421.0
035 |a (RuTPU)RU\TPU\prd\289321 
035 |a RU\TPU\prd\289320 
090 |a 586731 
100 |a 20211129a20039999k y0rusy50 ca 
101 0 |a rus 
102 |a RU 
181 0 |a i  
182 0 |a b 
200 0 |a № 3 (256)  |b Электронный ресурс 
203 |a Текст  |c электронный 
210 |d 2021 
333 |a Режим доступа: по договору с организацией-держателем ресурса 
461 1 |0 (RuTPU)RU\TPU\prd\11284  |x 1992-7185  |t Датчики и системы  |o ежемесячный научно-технический и производственный журнал  |v № 3 (256)  |d 2003-2017, 2019- 
801 0 |a RU  |b 63413507  |c 20010227  |g PSBO 
801 1 |a RU  |b 63413507  |c 20170904 
801 2 |a RU  |b 63413507  |c 20211129  |g RCR 
856 4 0 |u https://elibrary.ru/contents.asp?id=47229478 
942 |c BK